Desarrollo tecnológico y diagnóstico del sector industrial. Consejo Nacional de Investigaciones Científicas y Tecnológicas: 10 años en la promoción del desarrollo nacional
保存先:
| 団体著者: | |
|---|---|
| フォーマット: | テキスト |
| 出版事項: |
San José:
CONICIT. Unidad de Divulgación
|
| タグ: |
タグ追加
タグなし, このレコードへの初めてのタグを付けませんか!
|
MARC
| LEADER | 00000 a a2200000 04500 | ||
|---|---|---|---|
| 001 | 13937 | ||
| 003 | |||
| 040 | |a CRAI/IIS |c CRAI/IIS | ||
| 090 | |a 024100 | ||
| 110 | |a UCR. Instituto de Investigaciones en Ciencias Económicas | ||
| 245 | |a Desarrollo tecnológico y diagnóstico del sector industrial. Consejo Nacional de Investigaciones Científicas y Tecnológicas: 10 años en la promoción del desarrollo nacional | ||
| 260 | |a San José: |b CONICIT. Unidad de Divulgación | ||
| 300 | |a 24 p. | ||
| 999 | |c 4315 |d 4315 | ||
